000
00298 a2200145 4500
001
62680
020
_a
9788575552209
040
_c
Anchieta - Pituba
240
1
0
_a
Carta da terra
_l
por
245
1
0
_a
Carta da terra
300
_a
34
362
0
_a
2010
650
4
_a
Literatura juvenil
942
_c
BK
999
_c
62680
_d
62680